000 00769nam a2200253 i 4500
001 C2-0307057
003 PPAK
005 20221211084433.0
008 101229s2010 my g 0 f may d
020 _a9789675489761
_cRM0.00
_qpaperback
040 _aPPAK
_beng
_cPPAK
_erda
082 0 4 _a899.2333
_223
090 0 0 _a899.2333
_bAMA
_dG
100 0 _aAmanda Aniqah,
_eauthor.
245 1 0 _aLARA RINDU /
_cAMANDA ANIQAH ; Editor : Mohd Ali Haji Mohd Nor
264 1 _aShah Alam, Selangor :
_bbuku prima @ grupbuku karangkraf,
_c2010
300 _a634 pages :
_c18 cm
336 _2rdacontent
_atext
337 _2rdamedia
_aunmediated
338 _2rdacarrier
_avolume
650 1 0 _aMalay fiction.
700 0 _aMohd Ali Haji Mohd Nor,
_eeditor.
942 _cB
_2ddc
999 _c109847
_d109847